000
00351nam a2200145Ia 4500
008
220919s9999 xx 000 0 und d
020
_a
9789381991343
082
_b
RAG
100
_a
RAGHUNATH, M.R.
245
0
_a
NUTRITION & FEEDING OF FISHES
260
_b
SWASTIK PUBLICATIONS, DELHI
_c
2013
300
_a
264
650
_a
Zoology
942
_c
BK
999
_c
169328
_d
169328